000 01428nam a2200349Ia 4500
001 ebr10057274
003 CaPaEBR
006 m u
007 cr cn|||||||||
008 990216s1997 enka sbs 001 0 eng d
010 _z 99173788
020 _z0415137055
020 _z0203039971
040 _aCaPaEBR
_cCaPaEBR
035 _a(OCoLC)560367089
050 1 4 _aHF1531.Z4
_bE1834 1997eb
245 0 0 _aBusiness relationships with East Asia
_h[electronic resource] :
_bthe European experience /
_cedited by Jim Slater and Roger Strange.
260 _aLondon ;
_aNew York :
_bRoutledge,
_c1997.
300 _axiii, 261 p. :
_bill.
490 1 _aRoutledge advances in Asia-Pacific business ;
_v4
504 _aIncludes bibliographical references and index.
533 _aElectronic reproduction.
_bPalo Alto, Calif. :
_cebrary,
_d2009.
_nAvailable via World Wide Web.
_nAccess may be limited to ebrary affiliated libraries.
650 0 _aEconomics.
651 0 _aEurope
_xForeign economic relations
_zEast Asia.
651 0 _aEast Asia
_xForeign economic relations
_zEurope.
655 7 _aElectronic books.
_2local
700 1 _aSlater, Jim,
_d1947-
700 1 _aStrange, Roger.
710 2 _aebrary, Inc.
830 0 _aRoutledge advances in Asia-Pacific business ;
_v4.
856 4 0 _uhttp://site.ebrary.com/lib/rucke/Doc?id=10057274
_zAn electronic book accessible through the World Wide Web; click to view
999 _c172598
_d172598